000 00448nam a2200169Ia 4500
008 231217s9999 xx 000 0 und d
041 _aEnglish
082 _a330 SAL;2
100 _aSalvatore, DominickDinlio, Engene A
245 0 _aTheory and problems of principles of economics
250 _a2nd ed.
260 _c1996
_bTMH
_aNew Delhi
300 _avii+400
400 _aSchaums outline series
500 _a2012 Missing
942 _cAA
999 _c177931
_d177931